000
00462nam a2200145Ia 4500
008
090124s9999 xx 000 0 und d
082
_b
35715
245
_a
नो सेंटिमेंटस् प्लीज
250
_a
0
260
_b
मराठे ह.मो.
_c
2008
300
_a
79
630
_a
नो सेंटिमेंटस् प्लीज
730
_a
नो सेंटिमेंटस् प्लीज
942
_c
BOOK
999
_c
200849
_d
200849